| 000 | 00474nam a22001937a 4500 | ||
|---|---|---|---|
| 003 | MPLRDC | ||
| 005 | 20220104142713.0 | ||
| 008 | 210129b ||||| |||| 00| 0 eng d | ||
| 020 | _a957-716-520-6 | ||
| 082 | _a294.1 HYM | ||
| 100 | _a怀阳明 | ||
| 245 |
_a如何布置室内好风水 _c |
||
| 250 | _a初版 | ||
| 260 |
_a _b精美出版股份有限公司 _c1996 |
||
| 300 | _b平 | ||
| 490 | _a命理智慧 | ||
| 650 | _a堪舆--相宅 | ||
| 942 |
_cBK _o294.1 HYM |
||
| 999 |
_c33037 _d33027 |
||